Reseña médica de Aguas-Buenas (Record no. 168324)

MARC details
000 -LEADER
campo de control de longitud fija 00573nam a2200181 i 4500
001 - NÚMERO DE CONTROL
campo de control 168324
003 - IDENTIFICADOR DE NÚMERO DE CONTROL
campo de control ES-MaACL
005 - FECHA Y HORA DE LA ÚLTIMA TRANSACCIÓN
campo de control 20250806050954.0
008 - DATOS DE LONGITUD FIJA--INFORMACIÓN GENERAL
campo de control de longitud fija 080312s1869 sp |||| | spa d
080 ## - NÚMERO DE LA CLASIFICACIÓN DECIMAL UNIVERSAL
Número de la Clasificación Decimal Universal 553.7
245 00 - MENCIÓN DEL TÍTULO
Título Reseña médica de Aguas-Buenas
Resto del título : 1869.
260 ## - PUBLICACIÓN, DISTRIBUCIÓN, ETC.
Lugar de publicación, distribución, etc. Tolosa :
Nombre del editor, distribuidor, etc. [s.n.],
Fecha de publicación, distribución, etc. 1869 (
Fabricante Imprenta y litografía Fournier fils)
300 ## - DESCRIPCIÓN FÍSICA
Extensión 22 p. ;
Dimensiones 17 cm.
650 #7 - PUNTO DE ACCESO ADICIONAL DE MATERIA--TÉRMINO DE MATERIA
Término de materia o nombre geográfico como elemento de entrada Aguas minerales
Fuente del encabezamiento o término embne
9 (RLIN) 135517
852 ## - LOCALIZACIÓN
Ubicación ES-MaACL
Número de control de estantería T-411-F-5
852 ## - LOCALIZACIÓN
Ubicación ES-MaACL
Número de control de estantería T-410-F-8
Nota libre .-Sello de "Los Escolares Médicos"
Holdings
Estatus retirado Estado de pérdida Estado de daño No para préstamo Colección Biblioteca de origen Biblioteca actual Ubicación en estantería Fecha de adquisición Fuente de adquisición Total de préstamos Signatura topográfica completa Código de barras Visto por última vez Precio de reemplazo Tipo de ítem Koha
        Colección de folletos Biblioteca del Ateneo de Madrid Biblioteca del Ateneo de Madrid Depósito folletos 12/03/2008     T-411-F-5 1176619 23/02/2023 23/02/2023 Folleto
        Colección de folletos Biblioteca del Ateneo de Madrid Biblioteca del Ateneo de Madrid Depósito folletos 24/06/2016     T-410-F-8 1195485 23/02/2023 23/02/2023 Folleto